Ergonomics: Foundational Principles, Applications, and Technologies (Record no. 14689)
[ view plain ]
| 000 -LEADER | |
|---|---|
| fixed length control field | 00326nam a22001217a 4500 |
| 020 ## - INTERNATIONAL STANDARD BOOK NUMBER | |
| ISBN | 9781439804452 |
| 082 ## - DEWEY DECIMAL CLASSIFICATION NUMBER | |
| Classification number | 620.82 |
| Item number | BUS/ER |
| 100 ## - MAIN ENTRY--AUTHOR NAME | |
| Personal name | Bush,Pamela McCauley |
| 245 ## - TITLE STATEMENT | |
| Title | Ergonomics: Foundational Principles, Applications, and Technologies |
| 260 ## - PUBLICATION, DISTRIBUTION, ETC. (IMPRINT) | |
| Place of publication | Boca Raton |
| Name of publisher | CRC Press |
| Year of publication | 2012 |
| 300 ## - PHYSICAL DESCRIPTION | |
| Number of Pages | 331 |
| 942 ## - ADDED ENTRY ELEMENTS (KOHA) | |
| Koha item type | Books |
| Withdrawn status | Lost status | Damaged status | Collection code | Home library | Current library | Shelving location | Date acquired | Source of acquisition | Cost, normal purchase price | Full call number | Accession Number | Koha item type |
|---|---|---|---|---|---|---|---|---|---|---|---|---|
| KAUAET | KAUAET | General Stacks | 27/07/2016 | Southern Book Star, Tvm. | 5770.61 | 620.82 BUS/ER | 24529 | Books |
